Estrategia para el manejo integrado de los recursos hídricos (Record no. 1914)
[ view plain ]
| 000 -LEADER | |
|---|---|
| campo de control de longitud fija | 01200cam a2200289 4500 |
| 001 - NÚMERO DE CONTROL | |
| campo de control | 12607 |
| 005 - FECHA Y HORA DE LA ÚLTIMA TRANSACCIÓN | |
| campo de control | 20230404125642.0 |
| 008 - DATOS DE LONGITUD FIJA--INFORMACIÓN GENERAL | |
| campo de control de longitud fija | 060907n1998 wau spa |
| 035 ## - NÚMERO DE CONTROL DEL SISTEMA | |
| -- | funglode12707 |
| 041 ## - CÓDIGO DE IDIOMA | |
| Código de lengua del texto/banda sonora o título independiente | spa |
| 050 14 - SIGNATURA TOPOGRÁFICA DE LA BIBLIOTECA DEL CONGRESO | |
| Número de clasificación | CD F |
| 245 0# - MENCIÓN DEL TÍTULO | |
| Título | Estrategia para el manejo integrado de los recursos hídricos |
| 260 ## - PUBLICACIÓN, DISTRIBUCIÓN, ETC. | |
| Lugar de publicación, distribución, etc. | Washington, D.C. : |
| Nombre del editor, distribuidor, etc. | Banco Interamericano de Desarrollo, Departamento de Desarrollo Sostenible, División de Medio Ambiente, |
| Fecha de publicación, distribución, etc. | 1998 |
| 300 ## - DESCRIPCIÓN FÍSICA | |
| Extensión | 37 p. |
| 490 1# - MENCIÓN DE SERIE | |
| Mención de serie | Informe de estrategia del BID |
| 500 ## - NOTA GENERAL | |
| Nota general | "Diciembre de 1998." |
| 500 ## - NOTA GENERAL | |
| Nota general | "Preparado por Luis E. García"--t.p. verso. |
| 500 ## - NOTA GENERAL | |
| Nota general | "Esta estrategia (GN-1908-4) fue considerada favorablemente por el Directorio Ejecutivo del Banco en mayo de 1998"--Verso t.p. |
| 504 ## - NOTA DE BIBLIOGRAFÍA, ETC. | |
| Nota de bibliografía, etc. | Includes bibliographical references (p. 28-31). |
| 650 #0 - PUNTO DE ACCESO ADICIONAL DE MATERIA--TÉRMINO DE MATERIA | |
| Término de materia o nombre geográfico como elemento de entrada | Water resources development |
| Subdivisión geográfica | Latin America. |
| 650 #0 - PUNTO DE ACCESO ADICIONAL DE MATERIA--TÉRMINO DE MATERIA | |
| Término de materia o nombre geográfico como elemento de entrada | Water resources development |
| Subdivisión geográfica | Caribbean Area. |
| 650 #0 - PUNTO DE ACCESO ADICIONAL DE MATERIA--TÉRMINO DE MATERIA | |
| Término de materia o nombre geográfico como elemento de entrada | Water-supply |
| Subdivisión geográfica | Latin America. |
| 650 #0 - PUNTO DE ACCESO ADICIONAL DE MATERIA--TÉRMINO DE MATERIA | |
| Término de materia o nombre geográfico como elemento de entrada | Water-supply |
| Subdivisión geográfica | Caribbean Area. |
| 610 24 - PUNTO DE ACCESO ADICIONAL DE MATERIA--NOMBRE DE ENTIDAD CORPORATIVA | |
| Nombre de entidad corporativa o nombre de jurisdicción como elemento de entrada | Inter-American Development Bank |
| Subdivisión general | Environmental policy. |
| 710 2# - ENTRADA AGREGADA--NOMBRE DE ENTIDAD CORPORATIVA | |
| Nombre de entidad corporativa o nombre de jurisdicción como elemento de entrada | Inter-American Development Bank. |
| Unidad subordinada | Environment Division. |
| 942 ## - ELEMENTOS DE ENTRADA SECUNDARIOS (KOHA) | |
| Fuente del sistema de clasificación o colocación | Clasificación de Library of Congress |
| Tipo de ítem Koha | |
| Estatus retirado | Estado de pérdida | Fuente del sistema de clasificación o colocación | Estado de daño | No para préstamo | Colección | Biblioteca de origen | Biblioteca actual | Ubicación en estantería | Fecha de adquisición | Serial enumeration / chronology | Total checkouts | Signatura topográfica completa | Código de barras | Visto por última vez | Copia número | Precio de reemplazo | Tipo de ítem Koha |
|---|---|---|---|---|---|---|---|---|---|---|---|---|---|---|---|---|---|
| Clasificación de Library of Congress | Referencia | Biblioteca Juan Bosch | Biblioteca Juan Bosch | Colección Documental (Referencia, 1er. Piso) | 23/10/2018 | 1 | CD F | 00000005811 | 23/10/2018 | 1 | 23/10/2018 |
